000
00259nmm a2200097Ia 4500
008
220120s9999||||xx |||||||||||||||||und||
020
_a
981-4035-88-2
100
_a
Meier, Michael, L
245
0
_a
Introduction to material science for engineers
260
_b
Delhi
999
_c
139684
_d
139684